Transformácia areálu Istrochemu, Bratislava

Gespeichert in:
Bibliographische Detailangaben
1. Verfasser: Maďarčiková, Martina (Verfasst von)
Weitere Verfasser: Bašová, Silvia (Betreuung Doktorarbeit)
Format: Manuskript Buch
Sprache:Slowakisch
Veröffentlicht: 2024
Schlagworte:
Online-Zugang:http://is.stuba.sk/zp/portal_zp.pl?podrobnosti=178900
Tags: Tag hinzufügen
Keine Tags, Fügen Sie das erste Tag hinzu!

MARC

LEADER 00000ntm a22000003a 4500
001 stuzp98842
003 SK-STU
005 20240608212618.2
007 ta
008 150427s2015----xo-----f-mn---000-0-slo-d
040 |a STU  |b slo 
041 0 |a slo 
100 1 |a Maďarčiková, Martina  |u 056160  |4 aut  |U FAD Fakulta architektúry a dizajnu  |T FAD Ústav urbanizmu a územného plánovania  |X 93639  |U A6160  |Y 397  |7 93639 
242 0 1 |a Transformation of the Istrochem area, Bratislava  |y eng 
245 1 0 |a Transformácia areálu Istrochemu, Bratislava 
260 |c 2024 
650 4 |a Bratislava - Nové mesto  |2 slo 
650 4 |a Závod mieru  |2 slo 
650 4 |a industriál  |2 slo 
650 4 |a transformácia  |2 slo 
650 4 |a verejný priestor  |2 slo 
650 4 |a public space  |2 eng 
650 4 |a Bratislava - Nove mesto  |2 eng 
650 4 |a Zavod mieru  |2 eng 
650 4 |a industrial  |2 eng 
650 4 |a transformation  |2 eng 
700 1 |a Bašová, Silvia  |4 ths  |X 376  |7 A000000376 
856 4 |u http://is.stuba.sk/zp/portal_zp.pl?podrobnosti=178900